[Event "Bad. Jug-EM 2018 U16"]
[Site "Karlsruhe-Durlach"]
[Date "2018.01.03"]
[Round "3.8"]
[White "Schwab, Norman"]
[Black "Metzinger, Hannes"]
[Result "0-1"]
[WhiteElo "1374"]
[BlackElo "1574"]
[PlyCount "114"]
[EventDate "2018.??.??"]
[WhiteTeam "FSF 1887 Zähringen"]
[BlackTeam "SK Ottenau"]

1. e4 e5 2. Nf3 Nc6 3. d4 exd4 4. Nxd4 Nf6 5. Nxc6 bxc6 6. Bd3 Bc5 7. O-O d6 8.
Qe1 Ng4 9. h3 Ne5 10. Be3 Bxh3 11. f4 Nxd3 12. cxd3 Bxe3+ 13. Qxe3 Bd7 14. Nc3
Qb8 15. b3 Qb6 16. d4 O-O-O 17. e5 Rde8 18. Rae1 f6 19. Kh2 fxe5 20. fxe5 Re6
21. Rf7 Rhe8 22. Rxg7 dxe5 23. dxe5 Rxe5 24. Qxb6 Rh5+ 25. Kg3 axb6 26. Rxe8+
Bxe8 27. Ne4 Rh6 28. Ng5 Rg6 29. Rxg6 Bxg6 30. Ne6 Bb1 31. a3 Kd7 32. Ng5 Bc2
33. b4 Kd6 34. Kf4 c5 35. bxc5+ Kxc5 36. Ne6+ Kd6 37. Nd4 Bg6 38. Ke3 c5 39.
Nb5+ Kd5 40. Kd2 Kc4 41. Nd6+ Kb3 42. g3 c4 43. Kc1 c3 44. Nb5 Bd3 45. a4 Bxb5
46. axb5 c2 47. g4 h6 48. g5 hxg5 49. Kd2 Kb2 50. Ke3 c1=Q+ 51. Kf3 Qf4+ 52.
Ke2 Qg3 53. Kd2 Qf3 54. Ke1 Qg2 55. Kd1 Kc3 56. Ke1 Kd3 57. Kd1 Qd2# 0-1

[Event "Bad. Jug-EM 2018 U16"]
[Site "Karlsruhe-Durlach"]
[Date "2018.01.03"]
[Round "3.9"]
[White "Scheid, Lennart"]
[Black "Fließ, Justin"]
[Result "1-0"]
[WhiteElo "1518"]
[BlackElo "1368"]
[PlyCount "45"]
[EventDate "2018.??.??"]
[WhiteTeam "SK Ladenburg"]
[BlackTeam "Neckarsteinach"]

1. d4 e5 2. dxe5 Nc6 3. Nf3 Qe7 4. Nc3 Nxe5 5. e4 Nf6 6. Bf4 Nxe4 7. Nxe4 Ng6
8. Bxc7 Qxe4+ 9. Qe2 Qxe2+ 10. Bxe2 b6 11. O-O-O Bb7 12. Bb5 Bc6 13. Bxc6 dxc6
14. Rhe1+ Ne7 15. Nd4 Rc8 16. Bd6 Kd7 17. Bxe7 Bxe7 18. Nf5+ Kc7 19. Rxe7+ Kb8
20. Rdd7 Rce8 21. Rb7+ Kc8 22. Nd6+ Kd8 23. Red7# 1-0

[Event "Bad. Jug-EM 2018 U14W"]
[Site "Karlsruhe-Durlach"]
[Date "2018.01.03"]
[Round "3.1"]
[White "Färber, Sophie"]
[Black "Basovskiy, Jana"]
[Result "0-1"]
[WhiteElo "1326"]
[BlackElo "1775"]
[PlyCount "102"]
[EventDate "2018.??.??"]
[WhiteTeam "SV Walldorf"]
[BlackTeam "SK Mannheim"]

1. e4 c5 2. Nf3 e6 3. Nc3 Nc6 4. d4 cxd4 5. Nxd4 Nf6 6. Bg5 Be7 7. Bc4 Qb6 8.
Nb3 h6 9. Be3 Qd8 10. a3 O-O 11. O-O d6 12. Re1 Bd7 13. f3 Ne5 14. Be2 Bc6 15.
f4 Ng6 16. Bd3 Qc7 17. Nd4 Rfd8 18. Ncb5 Qb8 19. Nc3 Be8 20. Rc1 Nf8 21. Nf3 d5
22. exd5 Nxd5 23. Nxd5 Rxd5 24. c4 Rd8 25. Qb3 Bd6 26. g3 Qc7 27. c5 Be7 28.
Be4 Bc6 29. Bxc6 Qxc6 30. Nd4 Qd5 31. Qc3 Bf6 32. Red1 Rd7 33. Rd2 Rc8 34. Qc2
Bxd4 35. Rxd4 Qc6 36. Rc4 Rd5 37. b4 Nd7 38. a4 a6 39. a5 Nf6 40. h3 Rcd8 41.
Re1 Rh5 42. Qg2 Qb5 43. Rec1 Nd5 44. Bd2 Ne7 45. R4c2 Rhd5 46. Qf2 Rd3 47. Rb1
Nf5 48. g4 Nd4 49. Rcb2 Nf3+ 50. Kh1 Nxd2 51. Rd1 Ne4 0-1

[Event "Bad. Jug-EM 2018 U14W"]
[Site "Karlsruhe-Durlach"]
[Date "2018.01.03"]
[Round "3.2"]
[White "Varbanova, Joanna"]
[Black "Wagner, Anna"]
[Result "0-1"]
[WhiteElo "1171"]
[BlackElo "1173"]
[PlyCount "150"]
[EventDate "2018.??.??"]
[WhiteTeam "SK Ettlingen"]
[BlackTeam "SK Endingen"]

1. d4 c6 2. c4 d5 3. cxd5 cxd5 4. Nc3 Nf6 5. Bf4 Bf5 6. Nf3 Nc6 7. e3 e6 8. Bb5
Bd6 9. Ne5 Bxe5 10. Bxe5 O-O 11. O-O Nxe5 12. dxe5 Ne4 13. Nxe4 Bxe4 14. Rc1
Qg5 15. f3 Qxe3+ 16. Kh1 Bg6 17. Re1 Qb6 18. Qe2 Rac8 19. Rcd1 Rc5 20. Ba4 Rfc8
21. Qf2 Bc2 22. Bxc2 Rxc2 23. Qxb6 axb6 24. Rb1 Rd2 25. Red1 Rcc2 26. Rxd2 Rxd2
27. a3 g6 28. Kg1 Re2 29. f4 d4 30. Rd1 Rxb2 31. Rxd4 Ra2 32. Rd7 Rxa3 33. Rxb7
Rb3 34. Kf2 b5 35. Kf1 Rb2 36. Rb8+ Kg7 37. Kg1 b4 38. h3 h6 39. Kh2 g5 40.
fxg5 hxg5 41. Kg3 b3 42. Kf3 Rb1 43. Kg4 Kg6 44. Kf3 b2 45. Kg4 f5+ 46. Kg3 Kh5
47. Rh8+ Kg6 48. Rg8+ Kf7 49. Rb8 Re1 50. Rxb2 Rxe5 51. Rb7+ Kf6 52. Rb8 Re3+
53. Kf2 f4 54. Rc8 e5 55. Re8 Kg6 56. Rc8 Kf5 57. Rf8+ Ke4 58. Rf7 Rg3 59. Rf8
Rc3 60. Rg8 f3 61. Rxg5 Rc2+ 62. Kf1 f2 63. Rg4+ Kf5 64. Rg3 e4 65. Re3 Kf4 66.
Rb3 e3 67. Rb4+ Kg3 68. Rg4+ Kh2 69. Re4 Rc1+ 70. Ke2 f1=Q+ 71. Kxe3 Re1+ 72.
Kd4 Rxe4+ 73. Kxe4 Kxg2 74. h4 Qf3+ 75. Ke5 Qh3 0-1

[Event "Bad. Jug-EM 2018 U14W"]
[Site "Karlsruhe-Durlach"]
[Date "2018.01.03"]
[Round "3.3"]
[White "Schneider, Katharina"]
[Black "Schick, Kim"]
[Result "1-0"]
[WhiteElo "1650"]
[BlackElo "790"]
[PlyCount "101"]
[EventDate "2018.??.??"]
[WhiteTeam "SF Sasbach"]
[BlackTeam "SC Durmersheim"]

1. e4 e5 2. Nf3 Nc6 3. d4 exd4 4. Bc4 Bc5 5. c3 dxc3 6. Bxf7+ Kxf7 7. Qd5+ Ke8
8. Qh5+ g6 9. Qxc5 cxb2 10. Bxb2 Nf6 11. O-O d6 12. Qc3 Qe7 13. Qxf6 Qxf6 14.
Bxf6 Rf8 15. Bb2 b6 16. Nbd2 Ba6 17. Rfe1 Kd7 18. e5 Rae8 19. a3 d5 20. Rad1
Kc8 21. Nb3 Bc4 22. Nfd2 Na5 23. Nxa5 bxa5 24. Nxc4 dxc4 25. e6 Kb7 26. Rd7 Kc6
27. Rxh7 Rb8 28. e7 Rfe8 29. Rh8 Rxh8 30. Bxh8 Rxh8 31. e8=Q+ Rxe8 32. Rxe8 c3
33. Re3 c2 34. Rc3+ Kb5 35. Rxc2 c6 36. Kf1 c5 37. Ke2 c4 38. Kd2 Ka4 39. Rxc4+
Kxa3 40. Rc5 Kb4 41. Rc7 a6 42. Kc2 a4 43. Kb2 a5 44. Rg7 a3+ 45. Ka2 a4 46.
Rxg6 Ka5 47. h4 Kb4 48. h5 Ka5 49. h6 Kb4 50. h7 Ka5 51. h8=Q 1-0

[Event "Bad. Jug-EM 2018 U14W"]
[Site "Karlsruhe-Durlach"]
[Date "2018.01.03"]
[Round "3.5"]
[White "Chung, Dana"]
[Black "Henninger, Claire"]
[Result "0-1"]
[WhiteElo "1282"]
[BlackElo "1142"]
[PlyCount "138"]
[EventDate "2018.??.??"]
[WhiteTeam "Karlsruher SF"]
[BlackTeam "SK Endingen"]

1. d4 c6 2. c4 d5 3. Nf3 dxc4 4. Nc3 b5 5. Bf4 Nf6 6. e3 Bg4 7. Be2 Nd5 8. Nxd5
cxd5 9. O-O e6 10. Qd2 Bd6 11. Bxd6 Qxd6 12. Rfc1 a6 13. b3 O-O 14. bxc4 dxc4
15. a4 Nd7 16. Qb2 Rab8 17. Qa2 Qc6 18. h3 Bf5 19. Nh4 Be4 20. f3 Bg6 21. Nxg6
hxg6 22. Rab1 e5 23. axb5 axb5 24. dxe5 Nxe5 25. Rd1 Qc5 26. Kf2 Rfe8 27. Qd2
Nc6 28. Rdc1 Re7 29. Rb3 Reb7 30. Qb2 Qe5 31. Qxe5 Nxe5 32. Rb2 Kf8 33. f4 Nc6
34. Bf3 Rb6 35. Bxc6 Rxc6 36. Rb4 Ke7 37. Rd1 Rd6 38. Rdb1 Rdb6 39. Kf3 Kd6 40.
R4b2 Kc5 41. Rd2 Rd6 42. Rxd6 Kxd6 43. Ke2 Kc5 44. Kd2 Re8 45. Ra1 Kb4 46. Rb1+
Kc5 47. Rc1 Rd8+ 48. Ke2 Kb4 49. Rb1+ Kc5 50. Rc1 b4 51. Ra1 c3 52. Rd1 Rxd1
53. Kxd1 Kc4 54. Kc2 b3+ 55. Kc1 Kd3 56. e4 Kxe4 57. g3 Kd3 58. g4 b2+ 59. Kb1
Kd2 60. f5 c2+ 61. Kxb2 c1=Q+ 62. Kb3 Qc3+ 63. Ka4 Qb2 64. fxg6 fxg6 65. h4 Kc3
66. Ka5 Kc4 67. Ka6 Kc5 68. Ka7 Kc6 69. Ka8 Qb7# 0-1